LEADER 02111nam a2200277 i 4500 001 000000243843 003 CaOOAMICUS 005 20221025140347.0 008 150722s1740 it u000 u ita u 026 $a2.i- 9.i- tai- 1.co (3) 1740 (R) 040 $aSeMil$bita 100 1 $aCacciaguerra, Bonsignore <1495-1566>.$0(OLS)http://semarc/name/30445 245 10$aPie e divote meditazioni del vener. padre Buonsignore Cacciaguerra, patrizio sanese, prete di S. Girolamo della Carità in Roma ... opera postuma ... ora ripulita e adornata con alcune annotazioni, con un indice accuratissimo, e col compendio della vita dell' autore. Si aggiunge in fine la celebre Meditazione di S. Luigi Gonzaga intorno a' SS. Angeli. 260 $aIn Padova :$bAppresso Giuseppe Comino,$c1740$e(In Padova :$f[Giovanni Antonio e Gaetano Volpi] : Appresso Giuseppe Comino,$g1740) 300 $aXXIV, 363, [5] p., [1] carta di tav. :$britr. ;$c8°. 500 $aFregio xilogr. sul front. - Iniz., fregi xilogr. - Stemma edit. Volpi sul colophon 500 $aSegn.: a8 b4 A-X8 Y-Z4 2A8 500 $aA c. 2A7rv Catalogo de' libri sacri impressi dal Comino 700 1 $aVolpi, Giovanni Antonio & Volpi, Gaetano,$c.$0(OLS)http://semarc/name/11139 700 1 $aComino, Giuseppe,$c.$0(OLS)http://semarc/name/2720 774 0 $aGonzaga, Luigi $tMeditazione degli Angeli Santi e particolarmente degli Angeli custodi composta da S. Luigi Gonzaga.$w()324753 850 $aSeMil 852 $aSeMil$W1$xVenegono$y1$m3F III 220 FA$j194189$B194189$CSeMilBibl$Z2$F204782 $8I 996 $6245$aPie e divote meditazioni del vener. padre Buonsignore Cacciaguerra, patrizio sanese, prete di S. Girolamo della Carità in Roma ... opera postuma ... ora ripulita e adornata con alcune annotazioni, con un indice accuratissimo, e col compendio della vita dell' autore. Si aggiunge in fine la celebre Meditazione di S. Luigi Gonzaga intorno a' SS. Angeli$9(OLS)http://semarc/title/345794 996 $6260$aIn Padova :$bAppresso Giuseppe Comino$9(OLS)http://semarc/publisher/43940 LEADER 01426nam a2200301 i 4500 001 000000170408 003 CaOOAMICUS 005 20210823123221.0 008 080325s2008 be u000 u fre u 013 $a147819 020 $a978-2-503-52358-3 040 $aSeMil$bita 240 10$aKebra Nagast.$0(OLS)http://semarc/title/243724 245 03$aLa gloire des rois ou l'histoire de Salomon et de la reine de Saba /$cintroduction, traduction et notes par Robert Beylot. 264 1$aTurnhout :$bBrepols,$c2008. 300 $a491 p. ;$c19 cm. 490 1 $aApocryphes ;$v12 650 4$aBibbia. Antico Testamento. Apocrifi - Commentari, studi, critica e interpretazione.$0(OLS)http://semarc/subject/51 650 4$aLetteratura religiosa etiopica.$0(OLS)http://semarc/subject/5949 700 1 $aBeylot, Robert.$0(OLS)http://semarc/name/10124 830 0$aApocryphes / AELAC, Association pour l'étude de la littérature apocryphe chrétienne ;$v12.$0(OLS)http://semarc/title/280 850 $aSeMil 852 $aSeMil$W1$xVenegono$y1$m2UA G 12$j228126$B121296$CSeMilBibl$Z2$F132645 $81 961 $aSottoscrizione: Brepols 996 $6020$a978-2-503-52358-3$9(OLS)http://semarc/number/157364 996 $6245$aLa gloire des rois ou l'histoire de Salomon et de la reine de Saba$9(OLS)http://semarc/title/243723 996 $6264$aTurnhout :$bBrepols$9(OLS)http://semarc/publisher/29626